[Event "SZCZYRK OPEN - TURNIEJ Z OKAZJI SWIETA NIEPODLEGLOSCI - BLITZ 3'+2'' "]
[Site "Szczyrk"]
[Date "2018-11-11"]
[Round "1.30"]
[White "Demski, Michal "]
[Black "Waszkowska, Sandra "]
[Result "1-0"]
[WhiteTitle ""]
[BlackTitle ""]
[WhiteElo "1762"]
[BlackElo "1177"]

1. e4 e5 2. Nf3 Nc6 3. Bc4 Bc5 4. d3 Nf6 5. Nc3 O-O 6. O-O Re8 7. Re1 d6 8. Bg5
h6 9. Bh4 Bg4 10. Nd5 Re6 11. Nxf6+ gxf6 12. Bxe6 fxe6 13. h3 Bh5 14. g4 Bf7 15.
Qd2 Kh7 16. c3 Qg8 17. Bxf6 h5 18. Qg5 Qxg5 19. Nxg5+ Kg6 20. Nxf7 Kxf6 21. Nh6
Kg6 22. h4 Kxh6 23. g5+ Kg6 24. a4 Rf8 25. Re2 Ne7 26. b4 Bb6 27. a5 Bxa5 28.
Rxa5 a6 29. Ra1 Nc6 30. Rb1 Nd8 31. b5 axb5 32. Rxb5 b6 33. Ra2 Rf7 34. Ra7 Nc6
35. Rb7 Na5 36. Ra7 Nc6 37. Ra8 Kg7 38. Kg2 Rf8 39. Ra1 Rd8 40. Rd1 d5 41. exd5
exd5 42. d4 exd4 43. cxd4 Re8 44. Rc1 Nxd4 45. Rxc7+ Kf8 46. Rxd5 Nb3 47. Rf5+
Kg8 48. Rf6 Nc5 49. Rxb6 Ne4 50. Rg6+ Kh8 51. Rgg7 Rd8 52. Rh7+ Kg8 53. Rcg7+
Kf8 54. Rh8+ Kxg7 55. Rxd8 Kg6 56. Re8 Nc5 57. f4 Nd3 58. Kf3 Nb4 59. Ke4 Kf7
60. Rh8 Kg6 61. f5+ Kg7 62. Rxh5 Nc6 63. Rh6 Nb4 64. Rg6+ Kf7 65. h5 Ke7 66. h6
Nc2 67. h7 Na3 68. h8=Q Kd7 69. Qh7+ Kc8 70. Rg8# 1-0

[Event "SZCZYRK OPEN - TURNIEJ Z OKAZJI SWIETA NIEPODLEGLOSCI - BLITZ 3'+2'' "]
[Site "Szczyrk"]
[Date "2018-11-11"]
[Round "1.31"]
[White "Mika, Adrian "]
[Black "Fic, Wieslaw "]
[Result "0-1"]
[WhiteTitle ""]
[BlackTitle ""]
[WhiteElo "1177"]
[BlackElo "1759"]

1. e4 c5 2. Nf3 d6 3. d4 cxd4 4. Nxd4 Nf6 5. Nc3 g6 6. Bf4 Bg7 7. Bc4 O-O 8. O-O
e5 9. Bg5 exd4 10. Nd5 Nc6 11. Nxf6+ Bxf6 12. Bxf6 Qxf6 13. Qd2 Be6 14. Be2 Rfe8
15. Rad1 d5 16. exd5 Bxd5 17. Bd3 Be4 18. Bxe4 Rxe4 19. Qd3 Rae8 20. Qg3 Re2 21.
Qd3 Qe5 22. h3 Qe4 23. Qc4 Qxc2 24. Qxc2 Rxc2 25. b3 Ree2 26. a4 Red2 27. Rb1
d3 28. Rfe1 Nd4 29. Re3 Ne2+ 30. Kh2 Rc1 31. Rxc1 Nxc1 32. Re7 Rb2 33. Rxb7 Rxb3
34. Rxa7 d2 35. Rd7 Rd3 0-1

[Event "SZCZYRK OPEN - TURNIEJ Z OKAZJI SWIETA NIEPODLEGLOSCI - BLITZ 3'+2'' "]
[Site "Szczyrk"]
[Date "2018-11-11"]
[Round "1.32"]
[White "Hasinski, Krystian "]
[Black "Zmuda, Tomasz"]
[Result "1/2-1/2"]
[WhiteTitle ""]
[BlackTitle ""]
[WhiteElo "1742"]
[BlackElo "1174"]

1. d4 Nf6 2. c4 c5 3. Nc3 cxd4 4. Qxd4 Nc6 5. Qd1 e6 6. Nf3 Bb4 7. Qc2 O-O 8. Bg5
h6 9. Bh4 g5 10. Bg3 d5 11. e3 Ne4 12. Bd3 Bxc3+ 13. bxc3 Qa5 14. Bxe4 dxe4 15.
Nd4 Nxd4 16. exd4 f5 17. Be5 Bd7 18. O-O b5 19. cxb5 Bxb5 20. Rfc1 Bc4 21. a3
Bd3 22. Qb3 Qb6 23. Qxb6 axb6 24. c4 Rfc8 25. c5 bxc5 26. dxc5 Ra5 27. Bd6 f4
28. h4 Ba6 29. hxg5 hxg5 30. Re1 Bb7 31. Reb1 Bd5 32. Rb4 Rca8 33. a4 R5a6 34.
Be7 Kf7 35. Bxg5 f3 36. gxf3 exf3 37. Rf4+ Ke8 38. Bh4 Kd7 39. Rf7+ Kc6 40. Bg3
Kxc5 41. Rc7+ Kd4 42. Rd1+ Ke4 43. Re1+ Kf5 44. Re5+ Kg6 45. Rc1 Rxa4 46. Ree1
Rh8 47. Rc7 Rh7 48. Rxh7 Kxh7 49. Rc1 Rc4 50. Ra1 Kg6 51. Kh2 Rc2 52. Kg1 Kf5
53. Rd1 Rc4 54. Re1 Re4 55. Ra1 Re2 56. Rc1 e5 57. Ra1 e4 58. Kf1 Bc4 59. Kg1
Kg4 60. Rc1 Bd3 61. Ra1 e3 62. Rc1 exf2+ 63. Bxf2 Kh3 64. Rc8 Rb2 65. Rh8+ Kg4
66. Rg8+ Kf5 67. Rf8+ Ke5 68. Rxf3 Ke4 69. Rf8 Rb1+ 70. Kg2 Kd5 71. Rd8+ Kc4 72.
Rc8+ Kb3 73. Rb8+ Kc2 74. Rc8+ Kd1 75. Rd8 Ke2 76. Re8+ Kd2 77. Be3+ Kc2 78. Rc8+
Kd1 79. Rd8 Ke2 80. Bf2 Rb2 81. Re8+ Kd1 82. Rd8 Kc2 83. Rc8+ Kb3 84. Kf3 Bc4
85. Rb8+ Ka2 86. Rxb2+ Kxb2 87. Be3 1/2-1/2

[Event "SZCZYRK OPEN - TURNIEJ Z OKAZJI SWIETA NIEPODLEGLOSCI - BLITZ 3'+2'' "]
[Site "Szczyrk"]
[Date "2018-11-11"]
[Round "1.33"]
[White "Fil, Grzegorz"]
[Black "Iwanczuk, Krzysztof"]
[Result "0-1"]
[WhiteTitle ""]
[BlackTitle ""]
[WhiteElo "1173"]
[BlackElo "1735"]

1. c4 e5 2. Nc3 Nc6 3. g3 f5 4. Bg2 Nf6 5. d3 Bb4 6. Qc2 O-O 7. Bd2 d6 8. a3 Bxc3
9. Bxc3 Qe8 10. b4 Bd7 11. Nf3 Qh5 12. h3 Rae8 13. O-O f4 14. g4 Qg6 15. Nd2 h5
16. f3 hxg4 17. fxg4 Bxg4 18. hxg4 Nxg4 19. Rf3 Ne3 20. Rxe3 fxe3 21. Ne4 Rf4
22. Qd1 Rg4 23. Qf1 Rf8 24. Qxf8+ Kxf8 25. Rf1+ Ke8 26. Rf3 Rxg2+ 27. Kf1 Rg1#
0-1

[Event "SZCZYRK OPEN - TURNIEJ Z OKAZJI SWIETA NIEPODLEGLOSCI - BLITZ 3'+2'' "]
[Site "Szczyrk"]
[Date "2018-11-11"]
[Round "1.34"]
[White "Sulkowski, Andrzej "]
[Black "Nagly, Wojciech"]
[Result "1-0"]
[WhiteTitle ""]
[BlackTitle ""]
[WhiteElo "1693"]
[BlackElo "1167"]

1. d4 d5 2. c4 e6 3. cxd5 exd5 4. Nc3 Nf6 5. Bg5 Nbd7 6. e3 c6 7. Bd3 h6 8. Bf4
Be7 9. Qc2 O-O 10. Nf3 b6 11. h3 c5 12. g4 c4 13. Be2 Bb7 14. g5 hxg5 15. Bxg5
Ne4 16. Bxe7 Qxe7 17. Nd2 Nxc3 18. bxc3 Nf6 19. Rg1 Ne4 20. Nxe4 Qxe4 21. Qxe4
dxe4 22. Bxc4 Rac8 23. Bb3 Rxc3 24. Kd2 Rfc8 25. Rgc1 Rxc1 26. Rxc1 Rxc1 27. Kxc1
Kf8 28. Kd2 f6 29. Kc3 Ke7 30. Kb4 Kd6 31. a3 Bc6 32. Bf7 Ke7 33. Bc4 Kf8 34.
d5 Bb7 35. Bb3 Ke7 36. Kc4 Kd6 37. Kd4 g6 38. Kxe4 f5+ 39. Kd4 a5 40. f3 b5 41.
e4 fxe4 42. fxe4 Bc8 43. e5+ Ke7 44. h4 Bg4 45. Bc2 Bf5 46. Bxf5 gxf5 47. d6+
Ke6 48. h5 b4 49. axb4 axb4 50. h6 b3 51. h7 b2 52. h8=Q b1=Q 53. Qg8+ Kd7 54.
Qf7+ Kc6 55. Qc7+ Kb5 56. Qb8+ Ka6 57. Qxb1 f4 58. Kc5 Ka7 59. Kc6 Ka8 60. Qb7#
1-0

[Event "SZCZYRK OPEN - TURNIEJ Z OKAZJI SWIETA NIEPODLEGLOSCI - BLITZ 3'+2'' "]
[Site "Szczyrk"]
[Date "2018-11-11"]
[Round "1.35"]
[White "Wydmanski, Szymon"]
[Black "Dylag, Emilia"]
[Result "0-1"]
[WhiteTitle ""]
[BlackTitle ""]
[WhiteElo "1165"]
[BlackElo "1668"]

1. e4 c5 2. Nf3 d6 3. d4 cxd4 4. Nxd4 Nf6 5. Nc3 a6 6. Bg5 e6 7. f4 h6 8. Bh4 Be7
9. Qf3 Qc7 10. Be2 b5 11. O-O Bb7 12. Bd3 Nbd7 13. Nb3 Nc5 14. Nxc5 dxc5 15. Be2
b4 16. Bxf6 Bxf6 17. Nd1 Rd8 18. Ne3 Bxb2 19. Rab1 Bd4 20. Bd3 c4 21. Be2 Qc5
0-1

[Event "SZCZYRK OPEN - TURNIEJ Z OKAZJI SWIETA NIEPODLEGLOSCI - BLITZ 3'+2'' "]
[Site "Szczyrk"]
[Date "2018-11-11"]
[Round "1.36"]
[White "Kania, Pawel "]
[Black "Kot, Ewelina "]
[Result "1-0"]
[WhiteTitle ""]
[BlackTitle ""]
[WhiteElo "1644"]
[BlackElo "1163"]

1. e4 e6 2. d4 d5 3. exd5 exd5 4. Nf3 Nf6 5. Bd3 c5 6. h3 Nc6 7. c3 Qb6 8. O-O
Be7 9. dxc5 Bxc5 10. Qe2+ Be6 11. Ng5 Ne7 12. b4 Bd6 13. Nxe6 fxe6 14. Be3 Qc7
15. Bg5 Be5 16. Bxf6 gxf6 17. c4 Bxa1 18. Qxe6 dxc4 19. Bxc4 Rf8 20. Bb5+ Kd8
21. Rd1+ Nd5 22. Rxd5+ Qd7 23. Qxd7# 1-0

[Event "SZCZYRK OPEN - TURNIEJ Z OKAZJI SWIETA NIEPODLEGLOSCI - BLITZ 3'+2'' "]
[Site "Szczyrk"]
[Date "2018-11-11"]
[Round "1.37"]
[White "Michno, Mateusz"]
[Black "Kukula, Karol"]
[Result "0-1"]
[WhiteTitle ""]
[BlackTitle ""]
[WhiteElo "1163"]
[BlackElo "1644"]

1. e4 c5 2. Nf3 e6 3. Nc3 Nc6 4. Bc4 Nf6 5. d3 d5 6. exd5 exd5 7. Bb5 Bg4 8. Bxc6+
bxc6 9. O-O Be7 10. Re1 O-O 11. Bg5 Rb8 12. b3 h6 13. Bh4 Re8 14. h3 Bh5 15. g4
Bg6 16. Ne5 Qc7 17. Bg3 Bd6 18. Qe2 Nd7 19. f4 f6 20. f5 Bxe5 21. Bxe5 Rxe5 22.
Qh2 Rxe1+ 23. Rxe1 Qxh2+ 24. Kxh2 Re8 25. Rf1 Bf7 26. a3 d4 27. Na2 Re2+ 28. Kg1
Rxc2 29. Nc1 Ne5 30. b4 cxb4 31. axb4 Bd5 32. Rf4 Rg2+ 33. Kf1 Rc2 34. Rxd4 Rxc1+
35. Ke2 Rh1 36. Rf4 Rxh3 37. Rf2 Rxd3 38. Ke1 Nf3+ 39. Kf1 Rd1+ 40. Ke2 Rd2+ 41.
Kf1 Rxf2+ 42. Kxf2 Ne5 43. Ke3 Nxg4+ 44. Kd4 Ne5 45. Kc5 h5 46. Kd6 h4 47. Kc7
h3 48. Kb7 h2 49. Kxa7 h1=Q 50. Kb8 Qb1 51. Kc7 Qxb4 52. Kd8 c5 53. Ke7 Qb7+ 54.
Kd8 Qd7# 0-1

[Event "SZCZYRK OPEN - TURNIEJ Z OKAZJI SWIETA NIEPODLEGLOSCI - BLITZ 3'+2'' "]
[Site "Szczyrk"]
[Date "2018-11-11"]
[Round "1.38"]
[White "Buchta, Agnieszka"]
[Black "Filipek, Justyna "]
[Result "1-0"]
[WhiteTitle ""]
[BlackTitle ""]
[WhiteElo "1586"]
[BlackElo "1160"]

1. e4 e5 2. d4 exd4 3. Nf3 Nc6 4. Bc4 d6 5. Nxd4 Nf6 6. Nc3 Be7 7. O-O O-O 8. Nf5
Bxf5 9. exf5 Re8 10. Nd5 Ne5 11. Bb3 c6 12. Nxe7+ Qxe7 13. Bg5 h6 14. Bh4 a6 15.
Re1 Qd8 16. Qd2 d5 17. Rad1 Qd6 18. c4 Ne4 19. Rxe4 f6 20. cxd5 cxd5 21. Qxd5+
Qxd5 22. Rxd5 Kf8 23. h3 Rac8 24. Bg3 Nc6 25. Re6 Kf7 26. Rd7+ Kf8 27. Bd6+ Kg8
28. Rxe8+ Kh7 29. Rxc8 Nd4 30. Rcc7 Ne2+ 31. Kh2 Kh8 32. Rxg7 Nf4 33. Rg8# 1-0

[Event "SZCZYRK OPEN - TURNIEJ Z OKAZJI SWIETA NIEPODLEGLOSCI - BLITZ 3'+2'' "]
[Site "Szczyrk"]
[Date "2018-11-11"]
[Round "1.39"]
[White "Rzasa, Dominik "]
[Black "Zielinski, Marcin"]
[Result "1/2-1/2"]
[WhiteTitle ""]
[BlackTitle ""]
[WhiteElo "1159"]
[BlackElo "1576"]

1. e4 c6 2. d4 d5 3. exd5 cxd5 4. Nc3 Nf6 5. Nf3 Bg4 6. h3 Bxf3 7. Qxf3 e6 8. Bf4
Nc6 9. Bb5 Rc8 10. O-O Bd6 11. Rac1 O-O 12. Bxc6 Rxc6 13. Nb5 Bxf4 14. Qxf4 a6
15. Nc3 Qd7 16. Rfe1 Rfc8 17. Re2 b5 18. Nd1 Ne4 19. f3 Nd6 20. c3 h6 21. Ne3
Nc4 22. Nxc4 Rxc4 23. Rec2 b4 24. Qe3 Qc7 25. Kf2 a5 26. Qd3 Qc6 27. Ke2 bxc3
28. Rxc3 Qb5 29. Rxc4 Rxc4 30. Rxc4 dxc4 31. Qc3 a4 32. a3 Qd5 33. Ke3 f6 34.
g3 Qg5+ 35. Kf2 Qd5 36. h4 Kf7 37. Ke3 Ke7 38. Qb4+ Kf7 39. Qxa4 e5 40. dxe5 Qxe5+
41. Kf2 Qxb2+ 42. Kg1 c3 43. Qd7+ Kf8 44. Qd8+ Kf7 45. Qd7+ Kg8 46. Qc8+ Kh7 47.
Qf5+ Kg8 48. Qc8+ Kh7 49. Qf5+ Kh8 50. Qc8+ Kh7 51. Qf5+ Kg8 52. Qc8+ Kh7 1/2-1/2

[Event "SZCZYRK OPEN - TURNIEJ Z OKAZJI SWIETA NIEPODLEGLOSCI - BLITZ 3'+2'' "]
[Site "Szczyrk"]
[Date "2018-11-11"]
[Round "1.40"]
[White "Zamarska, Sylwia "]
[Black "Zablocka, Marta"]
[Result "1/2-1/2"]
[WhiteTitle ""]
[BlackTitle ""]
[WhiteElo "1552"]
[BlackElo "1153"]

1. d4 Nf6 2. Nf3 e6 3. c4 Bb4+ 4. Bd2 Bxd2+ 5. Qxd2 O-O 6. Nc3 d6 7. e3 c5 8. Be2
Nc6 9. O-O b6 10. Rfd1 cxd4 11. Nxd4 Ne5 12. Ndb5 d5 13. Rac1 Bb7 14. cxd5 Bxd5
15. Nxd5 Nxd5 16. Nd4 Rc8 17. Rxc8 Qxc8 18. Rc1 Qd7 19. Ba6 Nf6 20. Qc3 h6 21.
Bb5 Qd6 22. Qc7 Qb4 23. b3 Ng6 24. Qxa7 e5 25. Nf5 Qxb5 26. Ne7+ Nxe7 27. Qxe7
Qe8 28. Qb7 Qd8 29. h3 Re8 30. Rc7 Rf8 31. Qxb6 Qd1+ 32. Kh2 Qd2 33. a4 Qxf2 34.
a5 Ne4 35. a6 Qg3+ 36. Kg1 Qf2+ 37. Kh2 Qg3+ 38. Kg1 Qf2+ 1/2-1/2

[Event "SZCZYRK OPEN - TURNIEJ Z OKAZJI SWIETA NIEPODLEGLOSCI - BLITZ 3'+2'' "]
[Site "Szczyrk"]
[Date "2018-11-11"]
[Round "1.41"]
[White "Krzysztynska, Maria"]
[Black "Szafranski, Maciej "]
[Result "0-1"]
[WhiteTitle ""]
[BlackTitle ""]
[WhiteElo "1146"]
[BlackElo "1548"]

1. e4 c5 2. Nc3 a6 3. Nf3 d6 4. a3 Nf6 5. Bc4 e6 6. O-O b5 7. Ba2 Bb7 8. d4 cxd4
9. Qxd4 Nbd7 10. Re1 Be7 11. Qe3 O-O 12. e5 dxe5 13. Nxe5 Nxe5 14. Qxe5 Qb6 15.
Qg3 Kh8 16. a4 b4 17. Ne2 Bd6 18. Qh3 Bc5 19. Be3 Bxe3 20. Qxe3 Qc6 21. f3 Qxc2
22. Rab1 Qxa4 23. Bb3 Qb5 24. Nf4 Rac8 25. Ra1 Qc5 26. Qxc5 Rxc5 27. Rad1 a5 28.
Rd2 Bc6 29. Red1 a4 30. Rd8 Kg8 31. Ba2 b3 32. Bb1 Bd5 33. Rxf8+ Kxf8 34. Nxd5
exd5 35. Bf5 g6 36. Bh3 Rc2 37. g4 Rxb2 38. g5 Nh5 39. Rxd5 Nf4 40. Rd8+ Kg7 41.
Bd7 a3 42. Rc8 a2 43. Rc6 a1=Q+ 44. Rc1 Qxc1# 0-1

[Event "SZCZYRK OPEN - TURNIEJ Z OKAZJI SWIETA NIEPODLEGLOSCI - BLITZ 3'+2'' "]
[Site "Szczyrk"]
[Date "2018-11-11"]
[Round "1.42"]
[White "Retz, Adrian "]
[Black "Rydzewski, Marceli "]
[Result "0-1"]
[WhiteTitle ""]
[BlackTitle ""]
[WhiteElo "1547"]
[BlackElo "1146"]

1. e4 d6 2. d4 g6 3. e5 dxe5 4. dxe5 Qxd1+ 5. Kxd1 Bg7 6. Bf4 Nc6 7. Nf3 Bf5 8.
Bd3 Bxd3 9. cxd3 O-O-O 10. Ke2 Nh6 11. Ng5 Nd4+ 12. Kd2 Ne6 13. Nxe6 fxe6 14.
Bg3 Nf5 15. f4 h6 16. Bf2 g5 17. g3 Rd7 18. Nc3 Rhd8 19. Kc2 Nd4+ 20. Bxd4 Rxd4
21. Rhf1 gxf4 22. Rxf4 Bxe5 23. Rxd4 Bxd4 24. Ne4 Rf8 25. Re1 Kd7 26. h4 Ke8 27.
Re2 c5 28. g4 Rf4 29. Rg2 Kf7 30. g5 Rxh4 31. g6+ Kg7 32. Rg5 hxg5 33. Nxg5 Kxg6
34. Nxe6 Kf6 35. Nc7 Rh2+ 36. Kb3 Rxb2+ 37. Ka4 Rxa2+ 38. Kb3 Rb2+ 39. Ka4 a6
40. Ka3 Rd2 41. Kb3 Rxd3+ 42. Kc2 Rh3 43. Nd5+ Ke5 44. Nxe7 Ke4 45. Nc8 b5 46.
Kd2 Rh2+ 47. Kc1 Kd3 48. Kb1 Kc3 49. Nb6 Kb3 50. Kc1 Be3+ 51. Kd1 c4 52. Nd5 Bd4
53. Nf4 c3 54. Nd3 Kc4 55. Kc1 Be3+ 56. Kb1 Kxd3 57. Ka1 Bd4 58. Kb1 c2+ 59. Ka2
c1=Q+ 60. Kb3 Rb2+ 61. Ka3 Qa1# 0-1

[Event "SZCZYRK OPEN - TURNIEJ Z OKAZJI SWIETA NIEPODLEGLOSCI - BLITZ 3'+2'' "]
[Site "Szczyrk"]
[Date "2018-11-11"]
[Round "1.43"]
[White "Duda, Leon "]
[Black "Derylo, Kamil"]
[Result "0-1"]
[WhiteTitle ""]
[BlackTitle ""]
[WhiteElo "1142"]
[BlackElo "1536"]

1. e4 c5 2. Nf3 d6 3. d4 cxd4 4. Nxd4 Nf6 5. Nc3 a6 6. Be3 e5 7. Nb3 Be7 8. Be2
Be6 9. O-O O-O 10. f3 Nbd7 11. Qd2 Qc7 12. Rad1 Rfd8 13. Nd5 Nxd5 14. exd5 Bf5
15. c4 Rac8 16. f4 exf4 17. Rxf4 Bg6 18. Bd3 Bxd3 19. Qxd3 Ne5 20. Qf1 Bg5 21.
Re4 Bxe3+ 22. Rxe3 Nxc4 23. Rc3 Qb6+ 24. Kh1 Ne3 25. Qf2 Rxc3 26. bxc3 Nxd5 27.
Qxb6 Nxb6 28. Na5 g6 29. Nxb7 Rc8 30. Rxd6 Rxc3 31. h3 Nc4 32. Rxa6 Rc1+ 33. Kh2
Rc2 34. Rc6 Kf8 35. a4 Rb2 36. Rxc4 Rxb7 37. a5 Ra7 38. Ra4 Ke7 39. Kg3 Kd6 40.
Kf4 f5 41. Kg5 Kc5 42. Kh6 Kb5 43. Ra2 Kc4 44. g3 Kd3 45. Ra3+ Kc4 46. Ra2 Kd5
47. Ra3 Ke6 48. h4 Ke5 49. Ra2 Kd4 50. Ra1 Ke4 51. Ra3 Rb7 52. Ra4+ Kf3 53. Ra3+
Kg4 54. a6 Ra7 55. Rc3 Rxa6 56. Kxh7 Rb6 57. Rc7 Kxg3 58. Kh6 Kxh4 59. Rg7 Kg4
60. Rf7 0-1

[Event "SZCZYRK OPEN - TURNIEJ Z OKAZJI SWIETA NIEPODLEGLOSCI - BLITZ 3'+2'' "]
[Site "Szczyrk"]
[Date "2018-11-11"]
[Round "1.44"]
[White "Wilgosz, Tomasz"]
[Black "Jagodzinski, Jaromir "]
[Result "1-0"]
[WhiteTitle ""]
[BlackTitle ""]
[WhiteElo "1533"]
[BlackElo "1141"]

1. e4 d5 2. exd5 Qxd5 3. d4 Nf6 4. c4 Qa5+ 5. Nc3 Bg4 6. f3 Bf5 7. Bd3 Bxd3 8.
Qxd3 e6 9. Nge2 Be7 10. O-O O-O 11. Bd2 Qb6 12. b3 c5 13. d5 exd5 14. Nxd5 Nxd5
15. Qxd5 Rd8 16. Qe4 Bf6 17. Rad1 Nc6 18. Nc3 Re8 19. Qg4 Bd4+ 20. Kh1 Rad8 21.
Nd5 Qa6 22. Nc7 Qxa2 23. Nxe8 Rxe8 24. Qd7 Kf8 25. Bf4 Be5 26. Bxe5 Nxe5 27. Qd6+
Kg8 28. Rfe1 Qb2 29. f4 h6 30. fxe5 Re6 31. Qd8+ Kh7 32. Qd3+ Kg8 33. Rb1 Qf2
34. Rf1 Qd4 35. Qxd4 cxd4 36. Rbd1 Rxe5 37. Rxd4 Kf8 38. h3 Ke7 39. Ra1 a6 40.
Rd5 Re3 41. b4 Rb3 42. Re1+ Kf6 43. b5 axb5 44. Rxb5 Rc3 45. c5 Rc4 46. Rf1+ Kg6
47. Rxb7 Rxc5 48. Rfxf7 Kh5 49. Rxg7 Rc1+ 50. Kh2 Ra1 51. Rb5+ Kh4 52. Rg4# 1-0

[Event "SZCZYRK OPEN - TURNIEJ Z OKAZJI SWIETA NIEPODLEGLOSCI - BLITZ 3'+2'' "]
[Site "Szczyrk"]
[Date "2018-11-11"]
[Round "1.45"]
[White "Niedorys, Karolina "]
[Black "Seredyn, Dominik "]
[Result "0-1"]
[WhiteTitle ""]
[BlackTitle ""]
[WhiteElo "1141"]
[BlackElo "1528"]

1. e4 c5 2. Nf3 g6 3. d4 cxd4 4. Nxd4 Bg7 5. Nc3 Nc6 6. Nxc6 bxc6 7. Bc4 d6 8.
O-O Nf6 9. h3 O-O 10. Bg5 Rb8 11. Rb1 Nd7 12. Qd2 Re8 13. Qf4 Ne5 14. Bb3 Qc7
15. Bh6 Bf6 16. Bg5 Bg7 17. Qd2 Be6 18. Bxe6 fxe6 19. Bf4 Rf8 20. g3 Nf3+ 21.
Kg2 Nxd2 22. Bxd2 d5 23. exd5 exd5 24. Rfe1 e5 25. Be3 d4 26. Ne4 dxe3 27. Rxe3
Qf7 28. b3 Rbd8 29. Rf1 Rd4 30. f3 Bh6 31. Rc3 Rxe4 32. Rxc6 Re2+ 33. Kg1 Be3+
34. Kh1 Qxf3+ 0-1

[Event "SZCZYRK OPEN - TURNIEJ Z OKAZJI SWIETA NIEPODLEGLOSCI - BLITZ 3'+2'' "]
[Site "Szczyrk"]
[Date "2018-11-11"]
[Round "1.46"]
[White "Orzechowski, Michal"]
[Black "Polakiewicz, Blanka"]
[Result "1-0"]
[WhiteTitle ""]
[BlackTitle ""]
[WhiteElo "1519"]
[BlackElo "1134"]

1. Nf3 Nf6 2. b3 Nc6 3. Bb2 e6 4. d4 g6 5. c4 Bg7 6. d5 exd5 7. cxd5 Ne7 8. e4
d6 9. Bd3 O-O 10. O-O Bg4 11. Nbd2 c6 12. dxc6 Nxc6 13. Rc1 Qc7 14. Bb5 a6 15.
Bxc6 bxc6 16. Qc2 Rac8 17. Qc4 Rfe8 18. Rfe1 Be6 19. Qxa6 Bg4 20. Qc4 Bxf3 21.
Nxf3 h6 22. Nd4 Rxe4 23. Rxe4 Nxe4 24. Nxc6 Bxb2 25. Ne7+ Kf8 26. Qxc7 Rxc7 27.
Rxc7 Bf6 28. Nd5 Be5 29. f4 Bd4+ 30. Kf1 Nd2+ 31. Ke2 Ne4 32. Kd3 Bg1 33. Kxe4
Bxh2 34. a4 Bg3 35. a5 Bh2 36. a6 Ke8 37. a7 Kf8 38. a8=Q+ Kg7 39. Qb7 h5 40.
Rxf7+ Kh6 41. Rh7# 1-0

[Event "SZCZYRK OPEN - TURNIEJ Z OKAZJI SWIETA NIEPODLEGLOSCI - BLITZ 3'+2'' "]
[Site "Szczyrk"]
[Date "2018-11-11"]
[Round "1.47"]
[White "Gradzki, Artur "]
[Black "Majdecki, Robert "]
[Result "1-0"]
[WhiteTitle ""]
[BlackTitle ""]
[WhiteElo "1128"]
[BlackElo "1508"]

1. e4 c5 2. Nf3 Nc6 3. d4 cxd4 4. Nxd4 g6 5. Nc3 Bg7 6. Be3 e6 7. Bc4 Nge7 8. Qd2
O-O 9. O-O-O a6 10. f4 b5 11. Be2 Bb7 12. h3 Rc8 13. a3 d5 14. e5 Nxd4 15. Bxd4
Nf5 16. g4 Nxd4 17. Qxd4 f6 18. exf6 Bxf6 19. Qd3 Bxc3 20. bxc3 Qc7 21. Kb2 Rxf4
22. Rhf1 Rcf8 23. h4 Rxf1 24. Rxf1 Rxf1 25. Bxf1 Qd7 26. h5 Qf7 27. hxg6 Qxg6
28. Qe3 Qf7 29. Bh3 Kg7 30. g5 Bc8 31. Qe5+ Kg6 32. Bg4 Bd7 33. Be2 Qf5 34. Bd3
Kxg5 35. Bxf5 exf5 36. Qxd5 Be8 37. Qd8+ Kg4 38. Qxe8 h5 39. Qe2+ Kh4 40. Qf2+
Kg4 41. Kc1 h4 42. Kd2 f4 43. Ke2 h3 44. Qh2 f3+ 45. Kf2 a5 46. Qh1 b4 47. cxb4
axb4 48. axb4 Kh4 49. Kxf3 Kg5 50. Qxh3 1-0

[Event "SZCZYRK OPEN - TURNIEJ Z OKAZJI SWIETA NIEPODLEGLOSCI - BLITZ 3'+2'' "]
[Site "Szczyrk"]
[Date "2018-11-11"]
[Round "1.48"]
[White "Kindler, Karolina"]
[Black "Banaczyk, Piotr"]
[Result "1-0"]
[WhiteTitle ""]
[BlackTitle ""]
[WhiteElo "1504"]
[BlackElo "1125"]

1. d4 d5 2. c4 e6 3. Nc3 dxc4 4. Qa4+ c6 5. Qxc4 Bd6 6. Nf3 Ne7 7. Bg5 h6 8. Bh4
O-O 9. e3 Nd7 10. Bd3 Nb6 11. Qb3 Qc7 12. Qc2 Ned5 13. O-O Re8 14. Rac1 e5 15.
dxe5 Bxe5 16. Nxe5 Qxe5 17. Bg3 Qf6 18. Ne4 Qd8 19. Nd6 Rf8 20. Bh7+ Kh8 21. Be5
f6 22. Bg3 Nb4 23. Qg6 Nxa2 24. Ra1 Nb4 25. Rfd1 Qe7 26. Ne4 f5 27. Bd6 Qxe4 28.
Bxf8 Qe5 29. Rd8 Be6 30. Bxg7# 1-0

[Event "SZCZYRK OPEN - TURNIEJ Z OKAZJI SWIETA NIEPODLEGLOSCI - BLITZ 3'+2'' "]
[Site "Szczyrk"]
[Date "2018-11-11"]
[Round "1.49"]
[White "Seo, Ian "]
[Black "Sowierszenko, Tomasz "]
[Result "1-0"]
[WhiteTitle ""]
[BlackTitle ""]
[WhiteElo "1119"]
[BlackElo "1503"]

1. e4 e5 2. Nf3 Nc6 3. Bc4 d6 4. Nc3 Be7 5. d3 Nf6 6. Bg5 h6 7. Bh4 g5 8. Bg3 Bg4
9. h3 Bxf3 10. Qxf3 Qd7 11. Nd5 Nd4 12. Qd1 Nxd5 13. Bxd5 c6 14. Bb3 Nxb3 15.
axb3 d5 16. O-O f6 17. c3 h5 18. d4 g4 19. h4 a6 20. dxe5 O-O-O 21. exf6 Bxf6
22. exd5 Qxd5 23. Qxd5 Rxd5 24. Rad1 Rhd8 25. Rxd5 Rxd5 26. Rb1 Rd2 27. Bf4 Rc2
28. Bg5 Be5 29. f4 Bc7 30. Kf1 Bb6 31. Ke1 Bf2+ 32. Kd1 Bxh4 33. Kxc2 Bxg5 34.
fxg5 h4 35. Rh1 Kd7 36. Rxh4 Ke6 37. Rxg4 Kf5 38. Rb4 Kxg5 39. Rxb7 Kf5 40. Ra7
Ke5 41. Rxa6 Kd5 42. Ra4 Kd6 43. g4 1-0

[Event "SZCZYRK OPEN - TURNIEJ Z OKAZJI SWIETA NIEPODLEGLOSCI - BLITZ 3'+2'' "]
[Site "Szczyrk"]
[Date "2018-11-11"]
[Round "1.50"]
[White "Pieczewski, Szymon "]
[Black "Jaros, Emilia"]
[Result "1-0"]
[WhiteTitle ""]
[BlackTitle ""]
[WhiteElo "1495"]
[BlackElo "1117"]

1. e4 e5 2. f4 exf4 3. Nf3 Nc6 4. d4 d6 5. Bxf4 Bg4 6. c3 Nf6 7. Bd3 Be7 8. O-O
O-O 9. Nbd2 b6 10. Qa4 Qd7 11. e5 dxe5 12. Bg3 exd4 13. Bb5 Qe6 14. Bxc6 Rad8
15. Nxd4 Qe3+ 16. Kh1 Qxd2 17. Bxc7 Rc8 18. Bg3 Qxb2 19. Rac1 Qd2 20. Bb7 Rcd8
21. Nc6 Rd7 22. Nxe7+ Rxe7 23. Bc6 Qd8 24. Rxf6 gxf6 25. Qxg4+ Kh8 26. Rf1 Qd3
27. Qf4 Qxc3 28. Ba4 Qe5 29. Qf2 Rd8 30. Bxe5 Rxe5 31. Qxf6+ Kg8 32. Qxf7+ Kh8
33. Qf6+ Kg8 34. Qxd8+ Kg7 35. Qf6+ Kg8 36. Bb3+ Re6 37. Bxe6# 1-0

[Event "SZCZYRK OPEN - TURNIEJ Z OKAZJI SWIETA NIEPODLEGLOSCI - BLITZ 3'+2'' "]
[Site "Szczyrk"]
[Date "2018-11-11"]
[Round "1.51"]
[White "Szwacinska, Wiktoria "]
[Black "Kietrys, Maciej"]
[Result "0-1"]
[WhiteTitle ""]
[BlackTitle ""]
[WhiteElo "1117"]
[BlackElo "1492"]

1. e4 e5 2. Nf3 Nc6 3. Nc3 Nf6 4. Bc4 Bc5 5. h3 d6 6. d3 h6 7. O-O O-O 8. Bd5 Nxd5
9. Nxd5 Ne7 10. Nxe7+ Qxe7 11. Be3 Bb6 12. Re1 f5 13. Bxb6 axb6 14. exf5 Bxf5
15. Qd2 Qf7 16. Re2 Rxa2 17. Rxa2 Qxa2 18. b3 Qa5 19. Nh4 Qxd2 20. Rxd2 Be6 21.
Nf3 Ra8 22. d4 e4 23. Ne1 d5 24. Re2 Bf5 25. c3 c5 26. dxc5 bxc5 27. Rb2 d4 28.
cxd4 cxd4 29. Nc2 Rd8 30. Kf1 Be6 31. Rb1 Kf7 32. Ke2 d3+ 33. Kd1 dxc2+ 34. Kxc2
Bf5 35. Kc1 e3 36. fxe3 Bxb1 37. Kxb1 Rd3 38. e4 Rxb3+ 39. Kc2 Re3 40. Kd2 Rxe4
41. g4 b5 42. Kc3 b4+ 43. Kb3 Re3+ 44. Kxb4 Rxh3 45. g5 hxg5 46. Kc4 g4 47. Kd4
g3 48. Ke4 g2 49. Kf4 g1=Q 50. Ke4 Qg4+ 51. Ke5 Rh5+ 52. Kd6 Qe6+ 53. Kc7 Rc5+
54. Kd8 Qe7# 0-1

[Event "SZCZYRK OPEN - TURNIEJ Z OKAZJI SWIETA NIEPODLEGLOSCI - BLITZ 3'+2'' "]
[Site "Szczyrk"]
[Date "2018-11-11"]
[Round "1.52"]
[White "Chaczynski, Kamil"]
[Black "Kubik, Rafal "]
[Result "1-0"]
[WhiteTitle ""]
[BlackTitle ""]
[WhiteElo "1486"]
[BlackElo "1109"]

1. e4 e5 2. Nc3 Nf6 3. f4 exf4 4. d4 Bb4 5. e5 Ne4 6. Qf3 Nxc3 7. bxc3 Ba5 8. Bxf4
b6 9. Bc4 Ba6 10. Bxa6 Nxa6 11. Ne2 O-O 12. O-O c5 13. Rad1 f6 14. Qd5+ Kh8 15.
exf6 Rxf6 16. Be5 Rxf1+ 17. Rxf1 Nc7 18. Qf7 Ne6 19. d5 Qf8 20. dxe6 Qxf7 21.
exf7 Rf8 22. Bd6 1-0

[Event "SZCZYRK OPEN - TURNIEJ Z OKAZJI SWIETA NIEPODLEGLOSCI - BLITZ 3'+2'' "]
[Site "Szczyrk"]
[Date "2018-11-11"]
[Round "1.53"]
[White "Sprzeczka, Emilia"]
[Black "Panek, Bartosz "]
[Result "0-1"]
[WhiteTitle ""]
[BlackTitle ""]
[WhiteElo "1107"]
[BlackElo "1478"]

1. e4 e6 2. d4 d5 3. Nc3 Nf6 4. e5 Nfd7 5. Nf3 c5 6. Bb5 Nc6 7. dxc5 Bxc5 8. O-O
a6 9. Bxc6 bxc6 10. Re1 Rb8 11. Rb1 Bb4 12. Bd2 O-O 13. Bg5 Qa5 14. Bd2 Qc7 15.
a3 Bc5 16. Be3 a5 17. Bxc5 Nxc5 18. b4 axb4 19. axb4 Na6 20. Na2 Qe7 21. c3 Nc7
22. Qd3 Ba6 23. Qd2 Bc4 24. h3 Nb5 25. Rec1 Ra8 26. Ra1 Ra3 27. Nd4 Nxd4 28. cxd4
Rfa8 29. Rc2 Qa7 30. g3 h6 31. Kg2 Rxa2 32. Rcxa2 Bxa2 33. Rc1 Bc4 34. Qb2 Qa2
35. Rc2 Qxb2 36. Rxb2 Ra2 37. Rxa2 Bxa2 38. Kf3 Kf8 39. g4 Ke7 40. Ke3 Bc4 41.
Kd2 Kd7 42. Kc3 Kc7 43. Kb2 Kb6 44. Ka3 Kb5 45. f3 g5 46. Kb2 Kxb4 47. Kc2 c5
48. dxc5 Kxc5 49. Kc3 d4+ 50. Kd2 Kd5 51. Kc2 Kxe5 52. Kd2 Kf4 53. Kc2 Kxf3 54.
Kd2 e5 55. Kc2 e4 56. Kd2 e3+ 57. Kc2 e2 58. Kd2 Kf2 59. Kc2 e1=Q 60. Kb2 Qe2+
61. Ka3 Qa2+ 62. Kb4 Qb3+ 63. Kc5 Ke3 64. Kc6 Ke4 65. Kd6 Qb6+ 66. Ke7 Qe6+ 67.
Kd8 Qd6+ 68. Kc8 Qe7 69. Kb8 Bd5 70. Kc8 Bb3 71. Kb8 Kd5 72. Kc8 Kc6 73. Kb8 Qb7#
0-1